[Event "Najdorf Mem Open A 2016"]
[Site "Warsaw POL"]
[Date "2016.07.08"]
[Round "1.1"]
[White "Piorun, Kacper"]
[Black "Baskin, Robert"]
[Result "1-0"]
[WhiteTitle "GM"]
[BlackTitle "FM"]
[WhiteElo "2685"]
[BlackElo "2375"]
[WhiteFideId "1130420"]
[BlackFideId "24662402"]
[EventDate "2016.07.08"]

1. e4 e6 2. d4 d5 3. Nc3 Nf6 4. Bg5 dxe4 5. Nxe4 Be7 6. Bxf6 gxf6 7. Nf3 f5 8.
Nc3 a6 9. Qe2 b5 10. O-O-O b4 11. Na4 Qd5 12. b3 Nd7 13. Qe3 Bb7 14. Kb1 O-O-O
15. Bc4 Qd6 16. Rhe1 Bf6 17. Ne5 Bxe5 18. dxe5 Qc6 19. Qa7 Nb8 20. f3 Rd7 21. c3
Rg8 22. Bf1 bxc3 23. Rc1 Qd5 24. Nc5 Rxg2 25. Bxg2 Qd2 26. Qxb7+ Kd8 27. Qxb8+
Ke7 28. Na4 c2+ 29. Kb2 1-0

[Event "Najdorf Mem Open A 2016"]
[Site "Warsaw POL"]
[Date "2016.07.08"]
[Round "1.2"]
[White "Klenburg, Michael"]
[Black "Smirin, Ilia"]
[Result "1/2-1/2"]
[WhiteTitle "IM"]
[BlackTitle "GM"]
[WhiteElo "2370"]
[BlackElo "2676"]
[WhiteFideId "14102072"]
[BlackFideId "2801990"]
[EventDate "2016.07.08"]

1. e4 e5 2. Nf3 Nc6 3. Bb5 a6 4. Ba4 Nf6 5. O-O Be7 6. Re1 b5 7. Bb3 d6 8. c3
O-O 9. d4 Bg4 10. Be3 Bh5 11. h3 exd4 12. cxd4 Na5 13. Bc2 c5 14. Nbd2 cxd4 15.
Bxd4 Nc6 16. Be3 d5 17. exd5 Nxd5 18. Be4 f5 19. Bxd5+ Qxd5 20. Qb3 Qxb3 21.
Nxb3 Bxf3 22. gxf3 Bf6 23. Re2 f4 24. Bxf4 Bxb2 25. Rxb2 Rxf4 26. Kg2 Ne5 27.
Nd2 Rd8 28. Rc2 h6 29. Re1 Nd3 30. Re7 Rf7 31. Re4 Rd6 32. Nb3 Rg6+ 33. Kf1 Rxf3
34. Re8+ Kh7 35. Re3 Rgf6 36. Rxf3 Rxf3 37. h4 Rf4 38. Rd2 Ne5 39. h5 Nc4 40.
Rd3 Rf5 41. Rh3 Rd5 42. Ke2 a5 43. Rh4 Kg8 44. Nd4 Ne5 45. Re4 b4 46. Nf5 Nc6
47. Ng3 Rc5 48. Kd2 Ne5 49. Ke3 Rc3+ 50. Kd4 Nf3+ 51. Kd5 Rd3+ 52. Kc5 Ng5 53.
Re2 Kf7 54. Kb5 Ra3 55. Nf5 Ne6 56. Nd6+ Ke7 57. Nc4 Rh3 58. Nxa5 Rxh5+ 59. Kxb4
Rh1 60. a4 h5 61. Nb3 Kd6 62. a5 Rh4+ 63. Ka3 Rh3 64. Ka4 Rh4+ 65. Ka3 Nc7 66.
Rd2+ Kc6 67. Rc2+ Kb7 68. Rc5 Rh3 69. Ka4 Rh4+ 70. Ka3 Rh3 1/2-1/2

[Event "Najdorf Mem Open A 2016"]
[Site "Warsaw POL"]
[Date "2016.07.08"]
[Round "1.3"]
[White "Kovalenko, Igor"]
[Black "Deszczynski, Adam"]
[Result "1-0"]
[WhiteTitle "GM"]
[WhiteElo "2667"]
[BlackElo "2366"]
[WhiteFideId "14117908"]
[BlackFideId "1102753"]
[EventDate "2016.07.08"]

1. d4 Nf6 2. c4 e6 3. Nf3 Bb4+ 4. Nbd2 b6 5. a3 Bxd2+ 6. Qxd2 Bb7 7. e3 d6 8.
Be2 a5 9. b3 Nbd7 10. Bb2 Qe7 11. O-O O-O 12. Ne1 e5 13. f3 c5 14. Nc2 Rfd8 15.
d5 e4 16. a4 Bc8 17. f4 Nb8 18. Rf2 Na6 19. g4 Nb4 20. g5 Ne8 21. Nxb4 axb4 22.
h4 Bf5 23. Rg2 Ra7 24. Kf2 Kf8 25. Rh1 Qd7 26. h5 Rda8 27. Qd1 Ke7 28. Qa1 Kf8
29. Rh4 Rc8 30. Qh1 Ke7 31. Qd1 Kf8 32. Bg4 Rcc7 33. Bxf5 Qxf5 34. Qg4 Qxg4 35.
Rhxg4 g6 36. f5 gxf5 37. Rf4 Re7 38. Rxf5 Kg8 39. Rf4 Ng7 40. Rgg4 Nxh5 41. Rf6 1-0

[Event "Najdorf Mem Open A 2016"]
[Site "Warsaw POL"]
[Date "2016.07.08"]
[Round "1.4"]
[White "Stoma, Pawel"]
[Black "Lysyj, Igor"]
[Result "1/2-1/2"]
[BlackTitle "GM"]
[WhiteElo "2365"]
[BlackElo "2663"]
[WhiteFideId "1113569"]
[BlackFideId "4150120"]
[EventDate "2016.07.08"]

1. c4 Nf6 2. Nf3 b6 3. Nc3 Bb7 4. e3 c5 5. Be2 g6 6. O-O Bg7 7. d4 cxd4 8. exd4
O-O 9. Bg5 h6 10. Bh4 Ne4 11. Nxe4 Bxe4 12. Re1 f5 13. h3 g5 14. Bg3 f4 15. Bh2
Nc6 16. Ne5 Bxe5 17. dxe5 Qc7 18. Bd3 Bxd3 19. Qxd3 Kg7 20. Qc3 e6 21. Re4 Ne7
22. Rd1 Ng6 23. g4 Rf7 24. f3 Rh8 25. Kg2 h5 26. Bg1 Qb8 27. Bf2 hxg4 28. hxg4
Qg8 29. Ree1 Nh4+ 30. Bxh4 Rxh4 31. Rh1 Qh8 32. Rxh4 gxh4 1/2-1/2

[Event "Najdorf Mem Open A 2016"]
[Site "Warsaw POL"]
[Date "2016.07.08"]
[Round "1.6"]
[White "Webersberger, Johann"]
[Black "Ivanisevic, Ivan"]
[Result "1/2-1/2"]
[WhiteTitle "FM"]
[BlackTitle "GM"]
[WhiteElo "2362"]
[BlackElo "2656"]
[WhiteFideId "1611100"]
[BlackFideId "912417"]
[EventDate "2016.07.08"]

1. Nf3 d5 2. g3 c5 3. Bg2 Nc6 4. d4 Nf6 5. O-O cxd4 6. Nxd4 e5 7. Nxc6 bxc6 8.
c4 Rb8 9. Bg5 Be7 10. Nc3 O-O 11. cxd5 cxd5 12. Bxf6 Bxf6 13. Nxd5 Rxb2 14. Qa4
Be6 15. Nxf6+ Qxf6 16. Qxa7 Rxe2 17. a4 e4 18. Rae1 Bc4 19. Rxe2 Bxe2 20. Re1
Bf3 21. Bxf3 exf3 22. Qc5 h6 23. h3 Rd8 24. Kh2 Rd2 25. Re4 Qg6 26. Rf4 Qd3 27.
Qa7 Qd5 28. Qe3 g5 29. Rxf3 Ra2 30. Qc3 Rxa4 31. Rd3 Rc4 32. Rxd5 Rxc3 33. Rd6
Kg7 34. g4 Rf3 35. Kg2 Rf4 36. Kg3 h5 37. gxh5 f6 38. Rd8 Rh4 39. Rd7+ Kh6 40.
Rd8 f5 41. Rh8+ Kg7 42. Rc8 Rxh5 43. f4 gxf4+ 1/2-1/2

[Event "Najdorf Mem Open A 2016"]
[Site "Warsaw POL"]
[Date "2016.07.08"]
[Round "1.7"]
[White "Efimenko, Zahar"]
[Black "Lokander, Martin"]
[Result "1-0"]
[WhiteTitle "GM"]
[BlackTitle "FM"]
[WhiteElo "2655"]
[BlackElo "2359"]
[WhiteFideId "14107201"]
[BlackFideId "1709569"]
[EventDate "2016.07.08"]

1. Nf3 Nf6 2. g3 g6 3. b3 Bg7 4. Bb2 O-O 5. Bg2 c5 6. c4 Nc6 7. O-O b6 8. d4
cxd4 9. Nxd4 Bb7 10. Nc3 Qc8 11. Nc2 Na5 12. Nd5 Nxd5 13. Bxg7 Kxg7 14. cxd5 Qc3
15. Nd4 Rac8 16. e3 e5 17. dxe6 dxe6 18. Bxb7 Nxb7 19. Rc1 Qxc1 20. Qxc1 Rxc1
21. Rxc1 e5 22. Nb5 a6 23. Rc7 Rb8 24. Nc3 Nc5 25. b4 Nd3 26. a3 b5 27. Ne4 Rb6
28. g4 Nb2 29. g5 h6 30. gxh6+ Kxh6 31. Rxf7 Nc4 32. h4 Nd6 33. Nxd6 Rxd6 34.
Re7 Kh5 35. Rxe5+ Kxh4 36. Kf1 Rd1+ 37. Ke2 Ra1 38. Re6 Rxa3 39. Rxg6 Kh5 40.
Rg8 Ra4 41. f4 Rxb4 42. f5 1-0

[Event "Najdorf Mem Open A 2016"]
[Site "Warsaw POL"]
[Date "2016.07.08"]
[Round "1.8"]
[White "Skawinski, Arkadiusz"]
[Black "Areshchenko, Alexander"]
[Result "0-1"]
[WhiteTitle "FM"]
[BlackTitle "GM"]
[WhiteElo "2355"]
[BlackElo "2654"]
[WhiteFideId "1126415"]
[BlackFideId "14109530"]
[EventDate "2016.07.08"]

1. e4 c5 2. c3 d6 3. d4 Nf6 4. Bd3 Nc6 5. Nf3 g6 6. h3 Bg7 7. Be3 Nd7 8. O-O O-O
9. Qd2 a6 10. a4 Na5 11. Qe2 cxd4 12. cxd4 e5 13. dxe5 Nxe5 14. Nxe5 dxe5 15.
Bc4 Nxc4 16. Qxc4 Be6 17. Qb4 f5 18. f3 Rf7 19. Nc3 Bf8 20. Qb6 Qxb6 21. Bxb6
Bb3 22. Rfe1 Re8 23. Nd5 Re6 24. Bf2 Rd7 25. exf5 gxf5 26. Ne3 f4 27. Ng4 h5 28.
Nh2 Rd2 29. Nf1 Rxb2 30. Reb1 Rxb1 31. Rxb1 Bd5 32. Nd2 Rc6 33. Ne4 Be7 34. g3
Rc4 35. a5 Kf7 36. gxf4 exf4 37. Kg2 Rxe4 0-1

[Event "Najdorf Mem Open A 2016"]
[Site "Warsaw POL"]
[Date "2016.07.08"]
[Round "1.9"]
[White "Zhigalko, Sergei"]
[Black "Raja, Harshit"]
[Result "1-0"]
[WhiteTitle "GM"]
[WhiteElo "2653"]
[BlackElo "2351"]
[WhiteFideId "13502956"]
[BlackFideId "5089000"]
[EventDate "2016.07.08"]

1. e4 c5 2. Nf3 d6 3. d4 cxd4 4. Qxd4 Nc6 5. Bb5 Bd7 6. Bxc6 Bxc6 7. Nc3 Nf6 8.
Bg5 e6 9. O-O-O Be7 10. Rhe1 O-O 11. Kb1 h6 12. Bh4 Re8 13. h3 Qa5 14. Qd2 Qc5
15. Nd4 Rad8 16. f3 d5 17. Bxf6 Bxf6 18. e5 Bh4 19. g3 Bxg3 20. Re2 Bh4 21. Rg2
Kh7 22. Rdg1 g6 23. Qd3 Qc4 24. Qd2 Qc5 25. Nce2 Qe7 26. Qd3 Rg8 27. Nf4 Bg5 28.
Nfe2 Bh4 29. f4 f5 30. exf6 Qxf6 31. Nf3 Be8 32. Ned4 Bf7 33. a3 Kh8 34. Ne5 g5
35. Ng4 Qg6 36. Qe2 Qe4 37. Nxh6 Bg6 38. Nxg8 Rxg8 39. Nxe6 Re8 40. Qxe4 Bxe4
41. Nxg5 Bxg2 42. Rxg2 Re3 43. Rd2 Bg3 44. Rxd5 Bxf4 45. Nf7+ Kg8 46. Nd6 Re7
47. Rd4 Be5 48. Rg4+ Kf8 49. Nc8 Rh7 50. Nxa7 Rxh3 51. Nb5 Ke7 52. a4 Kd7 53. c3
Rh6 54. Rc4 Rg6 55. Ka2 b6 56. Re4 Bg3 57. b4 Kc6 58. Kb3 Rf6 59. Kc4 Rg6 60.
Nd4+ Kd7 61. Nf5 Bc7 62. Rd4+ 1-0

[Event "Najdorf Mem Open A 2016"]
[Site "Warsaw POL"]
[Date "2016.07.08"]
[Round "1.10"]
[White "Fakhrutdinov, Timur"]
[Black "Jones, Gawain C B"]
[Result "0-1"]
[WhiteTitle "FM"]
[BlackTitle "GM"]
[WhiteElo "2350"]
[BlackElo "2650"]
[WhiteFideId "24176702"]
[BlackFideId "409561"]
[EventDate "2016.07.08"]

1. e4 d6 2. d4 Nf6 3. Nc3 g6 4. f4 Bg7 5. Nf3 O-O 6. Bd3 Nc6 7. e5 dxe5 8. fxe5
Nh5 9. Be2 Bg4 10. Be3 f6 11. exf6 exf6 12. Qd2 Ne7 13. Bd3 Bxf3 14. gxf3 Nd5
15. O-O-O Nxe3 16. Qxe3 Re8 17. Qf2 Bh6+ 18. Kb1 Be3 19. Qg2 Kh8 20. Ne2 f5 21.
h4 Qd6 22. Qh2 Rad8 23. c3 Bh6 24. Nc1 Re3 25. Qxd6 Rxd6 26. Bc4 Rxf3 27. Nd3
Re3 28. Ne5 Kg7 29. Rde1 Rd8 30. Rxe3 Bxe3 31. Nf3 Re8 32. Re1 Nf6 33. Kc2 Bf2
34. Rxe8 Nxe8 35. h5 Nd6 36. Bf1 Kf6 37. hxg6 hxg6 38. Kd3 g5 39. Bg2 g4 40. Ne5
Kg5 41. c4 f4 42. b4 f3 43. Nxf3+ gxf3 44. Bxf3 Kf4 45. Bg2 b6 46. c5 Nf5 47.
cxb6 axb6 48. a4 Be1 49. b5 Bf2 0-1

[Event "Najdorf Mem Open A 2016"]
[Site "Warsaw POL"]
[Date "2016.07.08"]
[Round "1.11"]
[White "Bartel, Mateusz"]
[Black "Schroeder, Kevin"]
[Result "1-0"]
[WhiteTitle "GM"]
[BlackTitle "FM"]
[WhiteElo "2649"]
[BlackElo "2350"]
[WhiteFideId "1112635"]
[BlackFideId "12929840"]
[EventDate "2016.07.08"]

1. e4 e5 2. Nf3 Nf6 3. Nxe5 Nxe4 4. Qe2 Qe7 5. Qxe4 d6 6. d4 dxe5 7. dxe5 Nc6 8.
Nc3 Qxe5 9. Qxe5+ Nxe5 10. Nb5 Bb4+ 11. Bd2 Bxd2+ 12. Kxd2 Kd8 13. f4 Ng6 14.
Rd1 Bd7 15. g3 a6 16. Nc3 c6 17. Bc4 f6 18. Ne4 b6 19. Rde1 Kc7 20. h4 h5 21.
Kc3 a5 22. a3 Rad8 23. b4 axb4+ 24. axb4 Bf5 25. Bd3 Kb8 26. Re3 Rhe8 27. Rhe1
Re6 28. Bc4 Re7 29. Nf2 Rxe3+ 30. Rxe3 Rd7 31. Re8+ Kb7 32. Be2 Re7 33. Rxe7+
Nxe7 34. Bxh5 Nd5+ 35. Kb3 Be6 36. Ka3 Ne3 37. Kb2 Nf1 38. Ne4 Bd5 39. Nd6+ Kb8
40. Nf5 Be4 41. Nxg7 Nxg3 42. Bg4 Bh7 43. Bf3 c5 44. bxc5 bxc5 45. Ne8 Nf5 46.
Be4 Bg6 47. Bxf5 Bxe8 48. Kc3 Kc7 49. Kd3 Bh5 50. Kc4 Kd6 51. Be4 Be2+ 52. Kc3
Bh5 53. Kd3 Ke6 54. Kc4 Kd6 55. Kb5 Be2+ 56. Kb6 Bh5 57. c3 Be8 58. Bh7 Bh5 59.
f5 c4 60. Bg6 Be2 61. h5 Ke7 62. h6 Kf8 63. Kc5 Bf3 64. Kxc4 1-0

[Event "Najdorf Mem Open A 2016"]
[Site "Warsaw POL"]
[Date "2016.07.08"]
[Round "1.12"]
[White "Percivaldi, Martin"]
[Black "Melkumyan, Hrant"]
[Result "0-1"]
[WhiteTitle "FM"]
[BlackTitle "GM"]
[WhiteElo "2347"]
[BlackElo "2640"]
[WhiteFideId "1508148"]
[BlackFideId "13302485"]
[EventDate "2016.07.08"]

1. d4 Nf6 2. c4 g6 3. Nf3 Bg7 4. g3 O-O 5. Bg2 d6 6. Nc3 Nbd7 7. O-O e5 8. e4
Re8 9. d5 Nc5 10. Ne1 a5 11. Nd3 Nfd7 12. Nxc5 Nxc5 13. Be3 Bd7 14. Qd2 f5 15.
f3 Rf8 16. Rab1 b6 17. Ne2 h5 18. b3 h4 19. Bg5 Bf6 20. Bxf6 Qxf6 21. Bh3 hxg3
22. hxg3 Rf7 23. Nc3 Rh7 24. Bg2 f4 25. g4 Qh4 26. Rfd1 Kg7 27. Qf2 Qg5 28. Kf1
Rh2 29. Ke1 Rah8 30. Rd2 R8h3 31. Qf1 Qh4+ 32. Kd1 Bxg4 33. Bxh3 Rxh3 34. Kc2
Rxf3 35. Qe1 Qh3 0-1

[Event "Najdorf Mem Open A 2016"]
[Site "Warsaw POL"]
[Date "2016.07.08"]
[Round "1.13"]
[White "Gupta, Abhijeet"]
[Black "Barski, Radoslaw"]
[Result "1-0"]
[WhiteTitle "GM"]
[WhiteElo "2630"]
[BlackElo "2346"]
[WhiteFideId "5010608"]
[BlackFideId "1131710"]
[EventDate "2016.07.08"]

1. d4 Nf6 2. Bf4 g6 3. Nc3 d5 4. e3 Bg7 5. h4 O-O 6. h5 c5 7. hxg6 fxg6 8. Qd2
Nc6 9. Nf3 Bf5 10. dxc5 Qa5 11. Nd4 Qxc5 12. O-O-O Nxd4 13. exd4 Qa5 14. f3 Rac8
15. g4 Bd7 16. Bd3 b5 17. a3 b4 18. Ne2 Rb8 19. Kb1 Rb7 20. Be5 Rc8 21. Nc1 Qb6
22. Qxb4 Qxb4 23. axb4 Rxb4 24. Rh2 Kf7 25. Re1 h6 26. Ba6 Rc6 27. Bf1 Ng8 28.
Nd3 Rbb6 29. Rhe2 Bc8 30. Bxg7 Kxg7 31. Re5 e6 32. g5 Rc4 33. Bh3 Rxd4 34. gxh6+
Nxh6 35. Bxe6 Bxe6 36. Rxe6 Nf5 37. Re8 Rc4 38. Rd8 d4 39. Rd7+ Kf6 40. Ne5 Rcb4
41. b3 Ne3 42. f4 g5 43. Rxa7 gxf4 44. Nd7+ Kf5 45. Nxb6 Rxb6 46. Rf7+ Ke4 47.
Rh1 d3 48. cxd3+ Kxd3 49. Kb2 Ke4 50. Re7+ Kd4 51. Rh3 Nc4+ 52. Ka2 Ra6+ 53. Kb1
Ne5 54. Rh1 Ra5 55. b4 Rb5 56. Kc2 f3 57. Rh4+ Ke3 58. Rh5 Ke4 59. Re8 f2 60.
Rh4+ Ke3 61. Rh3+ Ke4 62. Rf8 Ng4 63. Rh4 Rg5 64. Rxf2 Kd5 65. Rd2+ 1-0

[Event "Najdorf Mem Open A 2016"]
[Site "Warsaw POL"]
[Date "2016.07.08"]
[Round "1.14"]
[White "Eggink, Ryszard"]
[Black "Khairullin, Ildar"]
[Result "0-1"]
[BlackTitle "GM"]
[WhiteElo "2345"]
[BlackElo "2629"]
[WhiteFideId "1125869"]
[BlackFideId "4151348"]
[EventDate "2016.07.08"]

1. e4 e5 2. Nf3 Nc6 3. Bb5 a6 4. Ba4 Nf6 5. O-O Be7 6. d3 d6 7. Bxc6+ bxc6 8.
Nbd2 c5 9. Nc4 O-O 10. c3 Be6 11. Qe2 h6 12. Rd1 Qb8 13. d4 exd4 14. cxd4 Bxc4
15. Qxc4 Nxe4 16. Re1 Qd8 17. Qd5 Nf6 18. Qc6 cxd4 19. Nxd4 Nd7 20. Bf4 Bf6 21.
Rad1 Nc5 22. Bg3 Re8 23. Nf5 Qd7 24. Qxd7 Nxd7 25. b3 a5 26. Kf1 Rxe1+ 27. Rxe1
a4 28. bxa4 Nc5 29. Ne3 Rxa4 30. Nd5 Ne6 31. Rc1 Bd8 32. Rc2 Ra5 33. Nb4 Bf6 34.
Nc6 Ra4 35. Ke2 Kf8 36. f3 Ke8 37. Bf2 Kd7 38. g3 Ra3 39. Nb8+ Kc8 40. Nc6 Kb7 0-1

[Event "Najdorf Mem Open A 2016"]
[Site "Warsaw POL"]
[Date "2016.07.08"]
[Round "1.15"]
[White "Perunovic, Milos"]
[Black "Bartel, Michal"]
[Result "1-0"]
[WhiteTitle "GM"]
[BlackTitle "FM"]
[WhiteElo "2627"]
[BlackElo "2341"]
[WhiteFideId "921629"]
[BlackFideId "1119257"]
[EventDate "2016.07.08"]

1. e4 e5 2. Nf3 Nc6 3. Bb5 a6 4. Ba4 Nge7 5. c3 g6 6. d4 exd4 7. cxd4 b5 8. Bc2
d5 9. exd5 Nb4 10. Bb3 Nbxd5 11. O-O Bg7 12. Re1 O-O 13. Bg5 Qd6 14. Nbd2 Bf5
15. Rc1 Rfe8 16. Ne4 Bxe4 17. Rxe4 Kf8 18. Bxe7+ Nxe7 19. Ng5 Nd5 20. Nxf7 Kxf7
21. Qf3+ Bf6 22. Bxd5+ Kg7 23. Bxa8 Rxa8 24. Qc3 Rc8 25. Qc6 1-0

[Event "Najdorf Mem Open A 2016"]
[Site "Warsaw POL"]
[Date "2016.07.08"]
[Round "1.16"]
[White "Bednarek, Sylwester"]
[Black "Dragun, Kamil"]
[Result "0-1"]
[WhiteTitle "FM"]
[BlackTitle "GM"]
[WhiteElo "2340"]
[BlackElo "2623"]
[WhiteFideId "1101811"]
[BlackFideId "1134167"]
[EventDate "2016.07.08"]

1. d4 Nf6 2. Bg5 Ne4 3. Bf4 c5 4. f3 Qa5+ 5. c3 Nf6 6. Nd2 cxd4 7. Nb3 Qb6 8.
Qxd4 Nc6 9. Qxb6 axb6 10. e4 d5 11. Be3 dxe4 12. Bxb6 e5 13. fxe4 Nxe4 14. Bc4
Nd6 15. Bd5 Ne7 16. O-O-O Nxd5 17. Rxd5 Nc4 18. Bc7 Be6 19. Rb5 Bd7 20. Rxe5+
Nxe5 21. Bxe5 f6 22. Bg3 Bc6 23. Ne2 Rxa2 24. Re1 Kf7 25. Rg1 Ba3 26. bxa3 Rxe2
27. Nd4 Rxg2 0-1

[Event "Najdorf Mem Open A 2016"]
[Site "Warsaw POL"]
[Date "2016.07.08"]
[Round "1.17"]
[White "Fier, Alexandr"]
[Black "Przedmojski, Rafal"]
[Result "1-0"]
[WhiteTitle "GM"]
[WhiteElo "2616"]
[BlackElo "2337"]
[WhiteFideId "2107139"]
[BlackFideId "1102451"]
[EventDate "2016.07.08"]

1. e4 c5 2. Nf3 Nc6 3. d4 cxd4 4. Nxd4 e5 5. Nb5 d6 6. c4 Be7 7. N1c3 a6 8. Na3
Be6 9. Bd3 Bg5 10. Nc2 Bxc1 11. Rxc1 Qg5 12. O-O Nge7 13. Nd5 O-O 14. Qf3 Rac8
15. Qg3 Qh6 16. Qe3 Qxe3 17. fxe3 f5 18. Rfd1 g6 19. b3 Kg7 20. Nb6 Rcd8 21. Rd2
Ng8 22. exf5 gxf5 23. e4 f4 24. Be2 Nf6 25. Bf3 Kf7 26. b4 Ne7 27. Na3 Nc6 28.
Nc2 Ne7 29. a4 Nc8 30. Nd5 Bxd5 31. cxd5 Nb6 32. a5 Nc4 33. Rd3 Rc8 34. Ne1 b5
35. axb6 Nxb6 36. Rc6 Rxc6 37. dxc6 d5 38. exd5 e4 39. Bxe4 Nxe4 40. d6 Nf6 41.
Nf3 Rg8 42. d7 Ke7 43. Ne5 Rd8 44. c7 Rxd7 45. Nxd7 Nfxd7 46. Rd4 Nc8 47. Kf2
Ndb6 48. Rd8 Nd6 49. Kf3 Ke6 50. Rh8 Kd7 51. Rxh7+ Kc8 52. Kxf4 Nb5 53. h4 Nd5+
54. Ke5 Nxb4 55. h5 Nd3+ 56. Kf6 Nxc7 57. Rxc7+ 1-0

[Event "Najdorf Mem Open A 2016"]
[Site "Warsaw POL"]
[Date "2016.07.08"]
[Round "1.18"]
[White "Zaksaite, Salomeja"]
[Black "Oleksiyenko, Mykhaylo"]
[Result "1/2-1/2"]
[WhiteTitle "WIM"]
[BlackTitle "GM"]
[WhiteElo "2336"]
[BlackElo "2615"]
[WhiteFideId "12801496"]
[BlackFideId "4152417"]
[EventDate "2016.07.08"]

1. e4 g6 2. d4 Bg7 3. Nc3 d6 4. Nf3 a6 5. a4 Nf6 6. Be2 O-O 7. O-O Nc6 8. h3 e5
9. dxe5 dxe5 10. Be3 b6 11. Qxd8 Rxd8 12. Bc4 Bb7 13. Ng5 Rd7 14. Rad1 Rf8 15.
Rxd7 Nxd7 16. Rd1 Ncb8 17. Nd5 Bxd5 1/2-1/2

[Event "Najdorf Mem Open A 2016"]
[Site "Warsaw POL"]
[Date "2016.07.08"]
[Round "1.19"]
[White "Neiksans, Arturs"]
[Black "Buckels, Valentin"]
[Result "1-0"]
[WhiteTitle "GM"]
[WhiteElo "2614"]
[BlackElo "2332"]
[WhiteFideId "11601388"]
[BlackFideId "12942766"]
[EventDate "2016.07.08"]

1. c4 e5 2. Nc3 Nc6 3. g3 f5 4. Bg2 Nf6 5. e3 d5 6. Nxd5 Nxd5 7. cxd5 Nb4 8. d3
Nxd5 9. Nf3 Bd6 10. O-O Nf6 11. b3 O-O 12. Bb2 Qe8 13. Qc2 f4 14. Qc3 fxe3 15.
fxe3 Ng4 16. Rae1 Qe7 17. a3 Re8 18. h3 Nf6 19. Ng5 h6 20. Qc4+ Be6 21. Nxe6
Qxe6 22. Qxe6+ Rxe6 23. Bxb7 Rb8 24. Ba6 Rxb3 25. Rb1 Bxa3 26. Bc4 Rxb2 27. Rxb2
Bxb2 28. Bxe6+ Kf8 29. Rb1 Ba3 30. Rb5 Ke7 31. Bc4 Kd6 32. Kf2 Bc5 33. Rb8 Ke7
34. g4 Bb6 35. Bb3 a5 36. Kf3 Nd7 37. Ra8 Kf6 38. Bc4 Kg5 39. Re8 Bc5 40. Bb5 1-0

[Event "Najdorf Mem Open A 2016"]
[Site "Warsaw POL"]
[Date "2016.07.08"]
[Round "1.20"]
[White "Lewicki, Miroslaw"]
[Black "Krasenkow, Michal"]
[Result "0-1"]
[WhiteTitle "CM"]
[BlackTitle "GM"]
[WhiteElo "2329"]
[BlackElo "2614"]
[WhiteFideId "1113380"]
[BlackFideId "1113100"]
[EventDate "2016.07.08"]

1. e4 e5 2. Nf3 Nc6 3. Bc4 Bc5 4. O-O Nf6 5. Re1 O-O 6. Nc3 Ng4 7. Rf1 d6 8. Na4
Bb6 9. Nxb6 axb6 10. d4 Nxd4 11. Nxd4 exd4 12. Qxd4 Qh4 13. h3 Nf6 14. f4 Re8
15. Bd3 Bxh3 16. gxh3 Qg3+ 17. Kh1 Qxh3+ 18. Kg1 Qg3+ 19. Kh1 Ng4 0-1

[Event "Najdorf Mem Open A 2016"]
[Site "Warsaw POL"]
[Date "2016.07.08"]
[Round "1.21"]
[White "Bok, Benjamin"]
[Black "Koksal, Ege"]
[Result "0-1"]
[WhiteTitle "GM"]
[BlackTitle "FM"]
[WhiteElo "2613"]
[BlackElo "2324"]
[WhiteFideId "1017063"]
[BlackFideId "6317626"]
[EventDate "2016.07.08"]

1. e4 e5 2. Nf3 Nc6 3. Bc4 Bc5 4. O-O Nf6 5. d3 O-O 6. c3 d6 7. Bg5 Bb6 8. Nbd2
Kh8 9. Re1 Ne7 10. Bxf6 gxf6 11. Nf1 Bg4 12. h3 Be6 13. Bxe6 fxe6 14. d4 Ng6 15.
a4 a6 16. Ne3 Nf4 17. Kh2 Qe8 18. g3 Ng6 19. Qe2 Ne7 20. a5 Ba7 21. Rad1 Qh5 22.
Nh4 Qxe2 23. Rxe2 Nc6 24. d5 Nxa5 25. Nhg2 Bxe3 26. Nxe3 exd5 27. exd5 Nb3 28.
Nf5 a5 29. Re4 Nc5 30. Rh4 a4 31. Ra1 b6 32. Kg2 Ra5 33. Ra3 Rfa8 34. Ra2 Nd3
35. Rg4 Rg8 36. Rgxa4 Rga8 37. b3 Rxa4 38. bxa4 Nc5 39. h4 Rxa4 40. Rc2 Kg8 41.
h5 Ra3 42. c4 Kf7 43. Kh3 Ra4 44. f4 Nb3 45. Nh6+ Ke7 46. Ng8+ Kf7 47. Nh6+ Kg7
48. Nf5+ Kf8 49. fxe5 dxe5 50. d6 cxd6 51. Rb2 Na5 52. Rxb6 Nxc4 53. Rb7 e4 54.
Rxh7 e3 55. h6 Ra5 56. Rc7 Rxf5 57. Rxc4 e2 58. Rc1 Rf1 59. Rc8+ Kf7 60. h7 Rh1+
61. Kg2 e1=Q 0-1

[Event "Najdorf Mem Open A 2016"]
[Site "Warsaw POL"]
[Date "2016.07.08"]
[Round "1.22"]
[White "Warakomska, Anna"]
[Black "Jumabayev, Rinat"]
[Result "0-1"]
[WhiteTitle "WIM"]
[BlackTitle "GM"]
[WhiteElo "2321"]
[BlackElo "2613"]
[WhiteFideId "1130790"]
[BlackFideId "13702661"]
[EventDate "2016.07.08"]

1. e4 c5 2. Nf3 e6 3. d4 cxd4 4. Nxd4 a6 5. Nc3 Qc7 6. Bd3 Nc6 7. Be3 Nf6 8. O-O
Nxd4 9. Bxd4 Bc5 10. Bxc5 Qxc5 11. Qe2 d6 12. a4 O-O 13. Rfe1 e5 14. Bc4 Be6 15.
Bxe6 fxe6 16. Rad1 Rac8 17. h3 Qb4 18. Rd3 Rf7 19. Qd2 Rc6 20. b3 Rfc7 21. Nb1
Qxd2 22. Nxd2 Kf7 23. Nc4 Ke7 24. a5 Rc5 25. f3 Rb5 26. Rd2 Ne8 27. Red1 Rc6 28.
Kf2 Kd7 29. Ke3 Kc7 30. Rd3 Rbc5 31. R1d2 Nf6 32. Nxd6 Rxc2 33. Nc4 Rxd2 34.
Rxd2 Rc5 35. Kd3 Nd7 36. Kc3 b5 37. axb6+ Nxb6 38. Kb4 Rb5+ 39. Kc3 Nxc4 40.
Kxc4 Ra5 41. Kb4 Ra1 42. Rc2+ Kb6 43. Rd2 a5+ 44. Kc3 Kc6 45. Kb2 Rg1 46. Kc2 g5
47. Kc3 h5 48. Kc2 Kc5 49. Kc3 Re1 50. Ra2 Kb5 51. Kd2 Rf1 52. Kd3 Kb4 53. Ra4+
Kb5 54. Ra2 g4 55. hxg4 hxg4 56. Ke2 Rb1 57. fxg4 Rxb3 58. Kf2 a4 59. g5 a3 60.
g6 Ka4 61. Rd2 Rb7 62. Rd8 Ra7 63. g7 Rf7+ 64. Ke3 Rxg7 65. Ra8+ Kb3 66. Kf3
Rf7+ 67. Ke3 Rb7 68. g4 a2 69. g5 Kb2 70. Kf3 a1=Q 71. Rxa1 Kxa1 72. Kg4 Kb2 0-1

[Event "Najdorf Mem Open A 2016"]
[Site "Warsaw POL"]
[Date "2016.07.08"]
[Round "1.23"]
[White "Salem, A.R. Saleh"]
[Black "Osmanodja, Filiz"]
[Result "1-0"]
[WhiteTitle "GM"]
[BlackTitle "WIM"]
[WhiteElo "2608"]
[BlackElo "2318"]
[WhiteFideId "9301348"]
[BlackFideId "24633569"]
[EventDate "2016.07.08"]

1. Nf3 Nf6 2. c4 e6 3. Nc3 d5 4. e3 b6 5. b3 Bb7 6. Bb2 a6 7. cxd5 exd5 8. d4
Bd6 9. g3 O-O 10. Bg2 Nbd7 11. O-O Re8 12. Rc1 Ne4 13. Rc2 Ndf6 14. Qc1 Ng4 15.
Ba3 Rc8 16. Na4 a5 17. h3 Ngf6 18. Rd1 Bb4 19. Ne5 c5 20. Bb2 c4 21. bxc4 dxc4
22. Nxc4 b5 23. Nc5 bxc4 24. Nxb7 Qe7 25. Nc5 c3 26. Ba1 Bxc5 27. dxc5 Qxc5 28.
Rd4 Rc7 29. Kh2 Qf5 30. g4 Qe5+ 31. f4 Qb5 32. g5 Nxg5 33. fxg5 Qxg5 34. Rxc3
Rce7 35. Rc5 Qh6 36. Rc8 Rxe3 37. Rxe8+ Nxe8 38. Re4 Rxe4 39. Qxh6 gxh6 40. Bxe4
Nd6 41. Bd3 1-0